000 00694nam a2200217Ia 4500
003 GCL
008 140319s9999 xx 000 0 ara d
040 _aGCL /
_cGCL
082 0 4 _a327.12296
_bد م
100 1 _aديكون، ريتشارد
245 1 0 _aالموساد : جهاز الموت اليهودى الدامى /
_cديكون، ريتشارد
700 1 _aلجنة الاعداد والترجمة
300 _a446 ص
490 _aالهيئة العامة للاستعلامات
_v0
650 0 4 _aالمخابرات العسكرية
650 0 4 _aالجواسيس
650 0 4 _aالجاسوسية
650 0 4 _aالموساد
650 0 4 _aالتجسس
942 _2ddc
_cBK
999 _c48207
_d48207